00230nam a2200097Ia 4500008004100000100000900041245003200050260002600082942000700108999001700115190216s9999||||xx |||||||||||||| ||und|| aNull 0aHindi-Nethaji Ka Sapeth Hua bMinistry Of Education cBK c18015d18015